<?xml version="1.0" encoding="UTF-8"?>
<record
    xmlns:xsi="http://www.w3.org/2001/XMLSchema-instance"
    xsi:schemaLocation="http://www.loc.gov/MARC21/slim http://www.loc.gov/standards/marcxml/schema/MARC21slim.xsd"
    xmlns="http://www.loc.gov/MARC21/slim">

  <leader>02009agaaa2200313   4500</leader>
  <controlfield tag="001">3289</controlfield>
  <controlfield tag="003">IT-RoPAU</controlfield>
  <controlfield tag="005">20220918181240.0</controlfield>
  <controlfield tag="007">d cvaizq</controlfield>
  <controlfield tag="008">50131s9999||||xx ||| |     ||   ||und||</controlfield>
  <datafield tag="040" ind1=" " ind2=" ">
    <subfield code="a">IT-RoPAU</subfield>
    <subfield code="c">IT-RoPAU</subfield>
  </datafield>
  <datafield tag="041" ind1=" " ind2=" ">
    <subfield code="a">ITALIANO</subfield>
  </datafield>
  <datafield tag="100" ind1=" " ind2=" ">
    <subfield code="a">Maselli Francesco</subfield>
    <subfield code="g">Codice regista SPICS: 1587</subfield>
    <subfield code="9">45099</subfield>
  </datafield>
  <datafield tag="130" ind1=" " ind2=" ">
    <subfield code="a">RUBA AL PROSSIMO TUO...</subfield>
    <subfield code="9">45100</subfield>
  </datafield>
  <datafield tag="245" ind1=" " ind2=" ">
    <subfield code="a">RUBA AL PROSSIMO TUO...</subfield>
    <subfield code="c">Prodotto da: Cristaldi Franco -- Sceneggiatura: Maselli Francesco Montagnana Luisa Gelbart Larry -- Diretto da: Maselli Francesco</subfield>
    <subfield code="p">RUBA AL PROSSIMO TUO... (Rif. Codice opera principale : 63289)</subfield>
  </datafield>
  <datafield tag="250" ind1=" " ind2=" ">
    <subfield code="a">Edizione Standard</subfield>
  </datafield>
  <datafield tag="260" ind1=" " ind2=" ">
    <subfield code="a">(ITALIA)</subfield>
    <subfield code="b">VIDES / Distribuzione: RAI TRE</subfield>
    <subfield code="g">"1969 (1&#xB0; ed.: 1987 ; Ed. Lingua Orig.: 1969)"</subfield>
  </datafield>
  <datafield tag="300" ind1=" " ind2=" ">
    <subfield code="a">VHS</subfield>
    <subfield code="b">sonoro, col.</subfield>
    <subfield code="c">90 minuti</subfield>
  </datafield>
  <datafield tag="508" ind1=" " ind2=" ">
    <subfield code="a">"Fotografia: Contini Alfio; Montaggio: Nardi Nicoletta; Musica: Morricone Ennio; Sceneggiatura: Maselli Francesco Montagnana Luisa Gelbart Larry; Scenografia: Puccini Luciano; "</subfield>
  </datafield>
  <datafield tag="511" ind1=" " ind2=" ">
    <subfield code="a">"Hudson Rock; Cardinale Claudia; Askin Leon; Corby Ellen; Giller Walter; Alberti G."</subfield>
  </datafield>
  <datafield tag="520" ind1=" " ind2=" ">
    <subfield code="a">ALTRI-ATTORI: GUIDO-ALBERTI PETER-DANE VITTORIO-CAMPANELLA GIANNI-CARNAGO RANIERO-DORASCENZI ANDREA-ESTERASY UMBERTO-FANTONI ALDO-FORMISANO ADRIANO-FRATICELLITRA MILLE OSTACOLI E CON L'AIUTO DI UN FUNZIONARIO DI POLIZIA AMERICANO ESMERALDA RESTITUISCE ALCUNI GIOIELLI AI LEGITTIMI PROPRIETARI ENTRANDO NELLALORO VILLA PROTETTISSIMA SENZA CHE QUESTI SI ACCORGANO DI NULLA MENTRE SONO NELLA VILLA PERO' ESMERALDA RUBA ALTRI GIOIELLI E FUGGE IL FUNZIONARIO LARAGGIUNGE E INSIEME ESPATRIANO IN LIBANO COMMEDIA A COLORI</subfield>
  </datafield>
  <datafield tag="538" ind1=" " ind2=" ">
    <subfield code="a">PAL, STEREO</subfield>
  </datafield>
  <datafield tag="546" ind1=" " ind2=" ">
    <subfield code="a">ITALIANO</subfield>
  </datafield>
  <datafield tag="650" ind1=" " ind2=" ">
    <subfield code="a">COMMEDIA</subfield>
    <subfield code="e">FILMS [VHS]</subfield>
    <subfield code="x">Codice MATERIA SPICS: 9960</subfield>
    <subfield code="9">45101</subfield>
  </datafield>
  <datafield tag="700" ind1=" " ind2=" ">
    <subfield code="a">Maselli Francesco </subfield>
    <subfield code="e">(regista)</subfield>
    <subfield code="g">Codice regista SPICS: 1587</subfield>
    <subfield code="9">45102</subfield>
  </datafield>
  <datafield tag="700" ind1=" " ind2=" ">
    <subfield code="a">Montagnana Luisa </subfield>
    <subfield code="e">(soggetto)</subfield>
    <subfield code="g">Codice Soggetto SPICS: 22693</subfield>
    <subfield code="9">45103</subfield>
  </datafield>
  <datafield tag="700" ind1=" " ind2=" ">
    <subfield code="a">Morricone Ennio</subfield>
    <subfield code="e">(musica)</subfield>
    <subfield code="g">Codice Musica SPICS: 3535</subfield>
    <subfield code="9">45104</subfield>
  </datafield>
  <datafield tag="942" ind1=" " ind2=" ">
    <subfield code="c">VH</subfield>
    <subfield code="2">ddc</subfield>
  </datafield>
  <datafield tag="999" ind1=" " ind2=" ">
    <subfield code="c">106098</subfield>
    <subfield code="d">106098</subfield>
  </datafield>
  <datafield tag="952" ind1=" " ind2=" ">
    <subfield code="0">0</subfield>
    <subfield code="1">0</subfield>
    <subfield code="4">0</subfield>
    <subfield code="6">63289_000000000000000</subfield>
    <subfield code="7">1</subfield>
    <subfield code="a">SPICS</subfield>
    <subfield code="b">SPICS</subfield>
    <subfield code="d">2015-01-31</subfield>
    <subfield code="l">0</subfield>
    <subfield code="o">63289</subfield>
    <subfield code="r">2015-01-31 00:00:00</subfield>
    <subfield code="w">2015-01-31</subfield>
    <subfield code="y">VH</subfield>
    <subfield code="z">Progr. Ins.: 2284 / N.Vol.:1 / Copie: 1 / Pag.: / Copia rara: n.d. / date import: 1.2.2015 / By Epidotti, Trombetti, Vaglietti</subfield>
  </datafield>
</record>
